LEADER 01801nam 2200373Ia 450 001 996389415503316 005 20210104171905.0 035 $a(CKB)4940000000098062 035 $a(EEBO)2240861232 035 $a(OCoLC)ocn949007203e 035 $a(OCoLC)949007203 035 $a(EXLCZ)994940000000098062 100 $a20160509d1684 uy 0 101 0 $afre 135 $aurbn||||a|bb| 200 12$aL'eau de mer douce, ou La nouvelle invention de rendre douce l'eau sale?e$b[electronic resource] $esoutenue par l'approbation speciale du Roi de la Grande Bretagne; sur la Concurrence du College des Medecins de Londres; de la lettre de Mr. Boyle, ecrite sur ce sujet a? un de ses amis; & de l'epreuve delicate faite a? cette occasion, par le me?me Mr. Boyle, en presence du Roi : a quoi l'on a ajoute? un traite? curieux de nouvelles experiences, & utiles remarques, sur l'eau de mer dessale?e suivant cette invention. L'un & l'autre tres humblement dediez a? sa Majeste? britannique /$ftous deux traduits de l'anglois par le Sieur Guy Miege 205 $aTroisie?me e?dition. 210 $aA Londres $c[s.n.]$d1684 215 $a[4], 12 p 300 $aDedication signed: Fitzgerald. 300 $aReproduction of original in: John Rylands Library. 330 $aeebo-0116 606 $aSeawater$xDistillation$vEarly works to 1800 606 $aSaline water conversion$vEarly works to 1800 615 0$aSeawater$xDistillation 615 0$aSaline water conversion 700 $aFitzgerald$b R$g(Robert),$f1638?-1698.$01011651 702 $aMiege$b Guy$f1644-1718?, 801 0$bUMI 801 1$bUMI 906 $aBOOK 912 $a996389415503316 996 $aL'eau de mer douce, ou La nouvelle invention de rendre douce l'eau sale?e$92344630 997 $aUNISA